Warrior cats Thunderclan - Statistics

General Stats
  • This quiz has been taken 92 times
    10 since last reset
  • The average score is 114 of 279
Answer Stats
Thunderclan % Correct
Brambleclaw
100%
Firestar
100%
Ivypool
100%
Squirrelstar
100%
Thunderstar
100%
Ashfur
80%
Berrynose
80%
Blossomfall
80%
Bluestar
80%
Brackenfur
80%
Brightheart
80%
Cinderpelt
80%
Cloudtail
80%
Darkstripe
80%
Dustpelt
80%
Foxleap
80%
Frostfur
80%
Goosefeather
80%
Graystripe
80%
Hollyleaf
80%
Jayfeather
80%
LarchkitMv
80%
LarchkitTnp
80%
Leaf
80%
Leafpool
80%
Lightning tail
80%
Lionblaze
80%
Lionheart
80%
Nightheart
80%
Rosetail
80%
Sorreltail
80%
Stormfur
80%
Thistle
80%
Thistleclaw
80%
Whitestorm
80%
Willowpelt
80%
Adderfang
60%
Alderheart
60%
Ambermoon
60%
Birchfall
60%
Briarlight
60%
Brindleface
60%
Bristlefrost
60%
Bumblestripe
60%
Cinderheart
60%
Daisy
60%
Dovewing
60%
Ferncloud
60%
Fernsong
60%
Finchlight
60%
Flipclaw
60%
Frecklewish
60%
Goldenflower
60%
Halftail
60%
Hazeltail
60%
Icecloud
60%
Leopardfoot
60%
Lilyheart
60%
Longtail
60%
Mapleshade
60%
Millie
60%
Mistystar
60%
Moonflower
60%
Moonpaw
60%
Mosskit
60%
Mousefur
60%
One-eye
60%
Patch pelt
60%
Patchpelt
60%
Pinestar
60%
Poppyfrost
60%
Purdy
60%
Ravenpaw
60%
Redstar
60%
Rosepetal
60%
Shrewpaw
60%
Snowfur
60%
Snowkit
60%
Sorrelstripe
60%
Sparkpelt
60%
Speckletail
60%
Spiderleg
60%
Stonefur
60%
Stormcloud
60%
Sunbeam
60%
Sunstar
60%
Tawnypelt
60%
Thornclaw
60%
Thrushpelt
60%
Tigerstar
60%
Twigbranch
60%
Whitewing
60%
Yellowfang
60%
Bayshine
40%
Beechfur
40%
Birchface
40%
Bloomheart
40%
Blue whisker
40%
Brook where small fish swim
40%
Cherryfall
40%
Cloudberry
40%
Daisytoe
40%
Dandelionkit
40%
Dappletail
40%
Dewnose
40%
Eaglestorm
40%
Eaglewing
40%
Fawnpelt
40%
Featherwhisker
40%
Featherwing
40%
Flamenose
40%
Flywhisker
40%
Goldenpaw
40%
Hollykit
40%
Hollypelt
40%
Hollytuft
40%
Honeyfern
40%
Honeyfur
40%
Jessy
40%
LarksongAvos
40%
LarksongBp
40%
Lionstar
40%
Lynxkit
40%
Milkweed
40%
Minty
40%
Molepaw
40%
Molewhisker
40%
Morningkit
40%
Morningstar
40%
Mossheart
40%
Mousewhisker
40%
Myrtlebloom
40%
Oakstar
40%
OwlstarCotc
40%
OwlstarSotc
40%
Patchkit
40%
Petalkit
40%
Poppydawn
40%
Rainfur
40%
Rainwhisker
40%
Ravenwing
40%
Redtail
40%
Robinwing
40%
Sandstorm
40%
Shellfur
40%
Shinepaw
40%
Smallear
40%
Sootfur
40%
Spottedleaf
40%
Stemleaf
40%
Stormtail
40%
Stripestar
40%
Sweetpaw
40%
Swiftpaw
40%
Thriftear
40%
Tinyclaw
40%
Windflight
40%
Alderbranch
20%
Amberclaw
20%
Apple blossom
20%
Beech tail
20%
Beetail
20%
Birdflight
20%
Bristleclaw
20%
Cherrypaw
20%
Chestnutkit
20%
Cloud spots
20%
Clover
20%
Cricketkit
20%
Curlkit
20%
Daisyheart
20%
Dawnfeather
20%
Deerdapple
20%
Deerpaw
20%
Doestar
20%
Elderkit
20%
Fallowpaw
20%
Fallowsong
20%
Feather ear
20%
Featherkit
20%
Fernstripe
20%
Fernwhisper
20%
Finchstar
20%
Finleap
20%
Flashnose
20%
Flickerkit
20%
Flowerpaw
20%
Fogdrift
20%
Frecklepelt
20%
Fuzzypelt
20%
Gooseberry
20%
Gorseclaw
20%
Grassfoot
20%
Graywhisker
20%
Greeneyes
20%
Harepounce
20%
Hazel burrow
20%
Hazelfrond
20%
Hazelkit
20%
Heronwing
20%
Juniperkit
20%
Kestrelwing
20%
Leafshade
20%
Leafstorm
20%
Leapkit
20%
Lightning stripe
20%
Littlestep
20%
Mallowfur
20%
Mistkit
20%
Mistlekit
20%
Mistpelt
20%
Morning fire
20%
Mothwhisker
20%
Mumblefoot
20%
Nettlebreeze
20%
Nettleclaw
20%
Nettlesting
20%
Nightkit
20%
Oakkit
20%
Oatspeckle
20%
Oatwhisker
20%
Owlflight
20%
Owlpaw
20%
Palepaw
20%
Pearnose
20%
Pigeonpaw
20%
Pineclaw
20%
Pink eyes
20%
Plumstone
20%
Prickleface
20%
Puffkit
20%
Quailpaw
20%
Rabbitfur
20%
Rockfall
20%
Rooktail
20%
Rosebush
20%
Roughpelt
20%
Runningwind
20%
Russetkit
20%
Seedpaw
20%
SeedpeltFq
20%
SeedpeltMv
20%
SeedpeltPc
20%
Shell claw
20%
Shivering rose
20%
Shykit
20%
Sleek fur
20%
Snail shell
20%
Snaptooth
20%
Snowbush
20%
Songbird
20%
Songkit
20%
Spotfur
20%
Spottedpelt
20%
Squirrelwhisker
20%
Stagleap
20%
Stemtail
20%
Stoneflower
20%
Stonepelt
20%
Sunkit
20%
Sweetbriar
20%
Swiftbreeze
20%
Tawnyspots
20%
Thistletail
20%
Thrushtalon
20%
Toadstep
20%
Tulipkit
20%
Tumbletail
20%
Vinestar
20%
Vinetail
20%
Violet dawn
20%
Wafflepelt
20%
Weedwhisker
20%
WhitestarCotc
20%
WhitestarSf
20%
Yarrowflight
20%
Yew tail
20%
Rabbitleap
0%
Wasppaw
0%
No matching quizzes found
Score Distribution
Percent of People with Each Score
Percentile by Number Answered
Your Score History
You have not taken this quiz since the last reset